Stanovenie všeobecnej hodnoty pohľadávok vybraného podnikateľského subjektu diplomová práca

Enregistré dans:
Détails bibliographiques
Auteur principal: Telepovský, Maroš
Collectivité auteur: Ekonomická univerzita v Bratislave. Fakulta podnikového manažmentu
Autres auteurs: Majdúchová, Helena, 1963-
Format: Livre
Langue:slovaque
Publié: Bratislava 2010
Tags: Ajouter un tag
Pas de tags, Soyez le premier à ajouter un tag!

MARC

LEADER 00000nam a2200000 4500
001 0122498
005 20240318123508.3
041 0 |a slo 
044 |a SK 
245 1 0 |a Stanovenie všeobecnej hodnoty pohľadávok vybraného podnikateľského subjektu  |b diplomová práca  |c Maroš Telepovský ; škol. Helena Majdúchová 
264 1 |a Bratislava  |c 2010 
300 |a 74 s. 
100 1 |a Telepovský, Maroš 
700 1 |a Majdúchová, Helena, 1963- 
710 2 |a Ekonomická univerzita v Bratislave. Fakulta podnikového manažmentu